000 00394nam a2200145Ia 4500
008 230711s9999||||xx |||||||||||||| ||und||
041 _aENG
082 _a720
_bZB-E
100 _aZbar,Paul B
245 0 _aBasic Electricity A Text-Lab Manual
250 _a1st . Ed.
260 _c1992
_aNew Delhi
_bMcGraw Hill Education(India) Private Limited
650 _aElectrical Engineering
942 _cBK
999 _c2651
_d2651